000 00754nam a2200265Ia 4500
003 OSt
005 20220924131844.0
006 a|||||r|||| 00| 0
007 ta
008 220923b |||||||| |||| 00| 0 tel d
020 _cRs.3
024 _a345935
037 _cTextual
040 _aARTS
_cARTS
_btel
041 _2tel
_atel
082 _aO157,3NM1,2, 35K3
100 _aMaitra Ravindranath Au.
_9203091
245 0 _aNiranjan
260 _aVijayawada
_bKavita Publications India
_c1963
300 _a200p.
_ccm.
650 _aBENGALI LITERATURE
700 _a Maddipatla Suri Tr.
_9203092
942 _hO157,3NM1,2, 35K3
_cTEXL
_2CC
999 _c428436
_d428436